00760nam a2200217Ii 45000010005000000030009000050080041000140400033000550410008000880820016000961000030001122450027001422640071001693000012002403360026002523370028002783380027003069400050003339990017003839520142004005709CO-ViMGA241108s9999||||xx |||||||||||||| ||und|| aCO-ViMGAbspaerdacCO-ViMGA0 aunk04a843.7-B198l1 aHonorato de Balzac95505610a lirio en el valle 1a[Lugar de publicación no identificado] : Ediciones Olimpia, 1973 avolumen atextbtxt2rdacontent aunmediatedbn2rdamedia avolumebnc2rdacarrier aidficha_siabuc: 5563. -- ficha_no_siabuc:5709 c52437d52437 001040708001aMEVIGERRbMEVIGERRcGENd2006-11-27hVol.1o843.7-B198lpECA4868r2024-11-26 10:09:10tEj.1w2024-11-26yBKz5563 | 7816